{"text_format":"1","workbook":"xlsx","n_sheets":1,"sheets":["inv_vivero_abril_2022"],"not_rendered":{"charts":0,"images":3,"macros":0,"external_links":0,"defined_names":0,"comments":0,"pivot_tables":0},"unopened":[],"bounds":{"document_bytes":16777216,"sheet_cells":100000,"rows_first":2000,"rows_last":500,"rows_between":2000,"halvings":0,"cell_chars":16384,"cell_head_chars":4096},"cells_cut":0,"cells_raw":0,"read":"whole","date_system":"1900"}

{"sheet":"inv_vivero_abril_2022","index":0,"n_rows":80,"n_cols":8,"rows_kept":80,"cut":false,"hidden":false,"merged":[[65,5,69,5],[65,6,69,6],[65,7,69,7],[62,0,62,7],[63,0,63,7],[79,0,79,6],[35,4,39,4],[35,5,39,5],[35,6,39,6],[35,7,39,7],[51,0,51,6],[65,0,69,0],[65,1,69,1],[65,2,69,2],[65,3,69,3],[65,4,69,4],[6,7,10,7],[22,0,22,6],[31,0,31,7],[61,0,61,7],[32,0,32,7],[33,0,33,7],[35,0,39,0],[35,1,39,1],[35,2,39,2],[35,3,39,3],[1,0,1,7],[2,0,2,7],[3,0,3,7],[6,0,10,0],[6,1,10,1],[6,2,10,2],[6,3,10,3],[6,4,10,4],[6,5,10,5],[6,6,10,6]]}
[]
["INSTITUTO DEL TABACO DE LA REPÚBLICA DOMINICANA"]
["INVENTARIO DE VIVERO"]
["MES DE ABRIL 2022"]
[]
[]
["Fecha de adquisición y/o registro","Artículo","Código institucional","Descripción artículo","Existencia","Unidad","Costo","Valor"]
[]
[]
[]
[]
["2021-08-31","FERTILIZANTE ( 1 )","LIM-C","PLANTA DE LIMON CRIOLLO",35,"UND",10,{"$f":"+G12*E12","v":350}]
["2021-08-31","FERTILIZANTE ( 1 )","PLAN-PERA","PLANTA DE PERA",14,"UND",10,140]
["2021-08-31","GENERAL ( 10 )","PITA-HAYA","PLANTA DE PITAHAYA",212,"UND",10,2120]
["2021-08-31","GENERAL ( 10 )","PLA-GRA","PLANTA DE GRANADA",47,"UND",10,470]
["2021-08-31","GENERAL ( 10 )","PLANT-CER","PLANTA DE CEREZA",23,"UND",10,230]
["2021-08-31","GENERAL ( 10 )","PLANT-GUANABA","PLANTA DE GUANABANA",50,"UND",10,500]
["2021-08-31","GENERAL ( 10 )","PLANT-NARAGRIA","PLANTA DE NARANJA  AGRIA",543,"UND",10,5430]
["2021-08-31","GENERAL ( 10 )","PLANT-PALMANILA","PLANTA DE PALMA MANILA",30,"UND",10,300]
["2021-08-31","GENERAL ( 10 )","PLANT-TAMA","PLANTA DE TAMARINDO",392,"UND",10,3920]
["2021-08-31","OTROS ( 5 )","PLANTZAPOTE","PLANTA DE ZAPOTE",4,"UND",10,40]
["2021-08-31","VENENO ( 2 )","PLAN-GRA","PLANTA DE GRANADILLO",30,"UND",10,300]
["TOTAL",null,null,null,null,null,null,{"$f":"SUM(H12:H22)","v":13800}]
[]
[]
[]
[]
[]
[]
[]
[]
["INSTITUTO DEL TABACO DE LA REPÚBLICA DOMINICANA"]
["INVENTARIO DE VIVERO"]
["MES DE MAYO 2022"]
[]
["Fecha de adquisición y/o registro","Artículo","Código institucional","Descripción artículo","Existencia","Unidad","Costo","Valor"]
[]
[]
[]
[]
["2021-08-31","FERTILIZANTE ( 1 )","LIM-C","PLANTA DE LIMON CRIOLLO",35,"UND",10,{"$f":"+G41*E41","v":350}]
["2021-08-31","FERTILIZANTE ( 1 )","PLAN-PERA","PLANTA DE PERA",14,"UND",10,140]
["2021-08-31","GENERAL ( 10 )","PITA-HAYA","PLANTA DE PITAHAYA",212,"UND",10,2120]
["2021-08-31","GENERAL ( 10 )","PLA-GRA","PLANTA DE GRANADA",47,"UND",10,470]
["2021-08-31","GENERAL ( 10 )","PLANT-CER","PLANTA DE CEREZA",23,"UND",10,230]
["2021-08-31","GENERAL ( 10 )","PLANT-GUANABA","PLANTA DE GUANABANA",50,"UND",10,500]
["2021-08-31","GENERAL ( 10 )","PLANT-NARAGRIA","PLANTA DE NARANJA  AGRIA",543,"UND",10,5430]
["2021-08-31","GENERAL ( 10 )","PLANT-PALMANILA","PLANTA DE PALMA MANILA",30,"UND",10,300]
["2021-08-31","GENERAL ( 10 )","PLANT-TAMA","PLANTA DE TAMARINDO",392,"UND",10,3920]
["2021-08-31","OTROS ( 5 )","PLANTZAPOTE","PLANTA DE ZAPOTE",4,"UND",10,40]
["2021-08-31","VENENO ( 2 )","PLAN-GRA","PLANTA DE GRANADILLO",30,"UND",10,300]
["TOTAL",null,null,null,null,null,null,{"$f":"SUM(H41:H51)","v":13800}]
[]
[]
[]
[]
[]
[]
[]
[]
[]
["INSTITUTO DEL TABACO DE LA REPÚBLICA DOMINICANA"]
["INVENTARIO DE VIVERO"]
["MES DE JUNIO 2022"]
[]
["Fecha de adquisición y/o registro","Artículo","Código institucional","Descripción artículo","Existencia","Unidad","Costo","Valor"]
[]
[]
[]
[]
["2021-08-31","FERTILIZANTE ( 1 )","AGU-CRI","PLANTA DE AGUACATE CRIOLLO",10,"UND",10,{"$f":"+G71*E71","v":100}]
["2021-08-31","GENERAL ( 10 )","PITA-HAYA","PLANTA DE PITAHAYA",210,"UND",10,2100]
["2021-08-31","GENERAL ( 10 )","PLAN-ALM","PLANTA DE ALMENDRA",30,"UND",10,300]
["2021-08-31","GENERAL ( 10 )","PLANT-CER","PLANTA DE CEREZA",10,"UND",10,100]
["2021-08-31","GENERAL ( 10 )","PLANT-GUANABA","PLANTA DE GUANABANA",560,"UND",10,5600]
["2021-08-31","GENERAL ( 10 )","PLANT-NARAGRIA","PLANTA DE NARANJA  AGRIA",281,"UND",10,2810]
["2021-08-31","GENERAL ( 10 )","PLANT-PALMANILA","PLANTA DE PALMA MANILA",115,"UND",10,1150]
["2021-08-31","OTROS ( 5 )","PLANTZAPOTE","PLANTA DE ZAPOTE",8,"UND",10,80]
["2021-08-31","OTROS ( 5 )","PLANUVAPLAY","PLANTA UVA DE PLAYA",80,"UNIDAD",10,800]
["TOTAL",null,null,null,null,null,null,{"$f":"SUM(H71:H79)","v":13040}]